000 00325nam a2200133Ia 4500
100 _aVirmani/S.K
650 _aAutomobiles
942 _cBK
654 _aWorkshop Cal.Sci. Solved Papers Radio/T.V
245 _aWorkshop Cal.Sci. Solved Papers Radio/T.V
260 _bNew Heights
_aNewDelhi
546 _aHINDI
999 _c27042
_d27042